[Event "FBL 1"]
[Site "?"]
[Date "2017.03.25"]
[Round "7.1"]
[White "Juhasz, Barbara"]
[Black "Kachiani Gersinska, Ketino"]
[Result "1/2-1/2"]
[WhiteElo "2179"]
[BlackElo "2366"]
[PlyCount "77"]
[EventDate "2016.10.22"]
[EventType "team-tourn"]
[EventCountry "GER"]
[WhiteTeam "Erfurt SV Medizin"]
[BlackTeam "Baden Baden OSG"]
[WhiteTeamCountry "GER"]
[BlackTeamCountry "GER"]

1. e4 c6 2. d4 d5 3. Nd2 dxe4 4. Nxe4 Bf5 5. Ng3 Bg6 6. Bc4 e6 7. N1e2 Nd7 8.
h4 Ngf6 9. h5 Be4 10. Nxe4 Nxe4 11. Bd3 Ndf6 12. c3 Qa5 13. f3 Nd6 14. g4 c5
15. dxc5 Qxc5 16. Nd4 O-O-O 17. Qe2 Nd5 18. Bd2 e5 19. Nf5 f6 20. O-O-O Kb8 21.
Kb1 Qb6 22. Ka1 Nxf5 23. Bxf5 Bc5 24. Be4 h6 25. Bc1 Ne7 26. Rxd8+ Rxd8 27. Rd1
a6 28. Kb1 Nc8 29. Rxd8 Qxd8 30. Qc4 Qc7 31. b4 Bf2 32. Qxc7+ Kxc7 33. Kc2 Nd6
34. Kd3 b5 35. Be3 Bxe3 36. Kxe3 Nc4+ 37. Kd3 Nb2+ 38. Kc2 Nc4 39. Kd3 1/2-1/2

[Event "FBL 1"]
[Site "?"]
[Date "2017.03.25"]
[Round "7.2"]
[White "Kovalevskaya, Ekaterina"]
[Black "Troyke, Doreen"]
[Result "1-0"]
[WhiteElo "2423"]
[BlackElo "2105"]
[PlyCount "107"]
[EventDate "2016.10.22"]
[EventType "team-tourn"]
[EventCountry "GER"]
[WhiteTeam "Baden Baden OSG"]
[BlackTeam "Erfurt SV Medizin"]
[WhiteTeamCountry "GER"]
[BlackTeamCountry "GER"]

1. e4 c5 2. Nf3 Nc6 3. Bb5 g6 4. Bxc6 dxc6 5. d3 Bg7 6. h3 Nf6 7. Nc3 O-O 8.
Be3 b6 9. Qd2 Re8 10. Bh6 Qc7 11. Bxg7 Kxg7 12. O-O e5 13. b3 h6 14. Ne2 Be6
15. Qc3 Nd7 16. Nh2 Kh7 17. f4 exf4 18. Nxf4 Qe5 19. Qd2 Qd4+ 20. Kh1 Ne5 21.
Rad1 Red8 22. c3 Qd6 23. Qc1 Qe7 24. d4 Nd7 25. Nxe6 fxe6 26. Ng4 g5 27. dxc5
bxc5 28. e5 Rf8 29. Qe3 Kg7 30. Rxf8 Rxf8 31. Qe4 h5 32. Nh2 Rf4 33. Qe3 Nf8
34. Rd6 Ng6 35. Rxc6 g4 36. Qxc5 Qh4 37. Rc7+ Kh6 38. Qe3 Qd8 39. Rc4 Qd1+ 40.
Qg1 Qxg1+ 41. Kxg1 Rxc4 42. bxc4 Nxe5 43. hxg4 hxg4 44. Kf2 Kg5 45. Ke3 Nxc4+
46. Kd4 Nd2 47. Ke3 Nc4+ 48. Kd3 Na5 49. g3 Kf5 50. Nf1 Nb7 51. Ne3+ Kg5 52.
Kd4 Nd6 53. Ke5 Nf5 54. Nf1 1-0

[Event "FBL 1"]
[Site "?"]
[Date "2017.03.25"]
[Round "7.3"]
[White "Mueller Ludwig, Kristin"]
[Black "Arakhamia Grant, Ketevan"]
[Result "1-0"]
[WhiteElo "2083"]
[BlackElo "2370"]
[PlyCount "127"]
[EventDate "2016.10.22"]
[EventType "team-tourn"]
[EventCountry "GER"]
[WhiteTeam "Erfurt SV Medizin"]
[BlackTeam "Baden Baden OSG"]
[WhiteTeamCountry "GER"]
[BlackTeamCountry "GER"]

1. e4 c5 2. Nf3 Nc6 3. d4 cxd4 4. Nxd4 e5 5. Nb5 d6 6. c4 Be7 7. N1c3 a6 8. Na3
Be6 9. Nc2 Rc8 10. b3 Nf6 11. Bd3 O-O 12. O-O Nd7 13. Ne3 Bg5 14. Ncd5 Bxe3 15.
Nxe3 Nc5 16. Bb2 Qg5 17. Kh1 Rfd8 18. Qe2 h5 19. Rad1 h4 20. Bb1 Ne7 21. Bc1
Qf6 22. Qh5 g6 23. Ng4 Bxg4 24. Qxg4 Ne6 25. Be3 Nc6 26. Rd2 b5 27. Bd3 b4 28.
Rfd1 a5 29. Bb1 Qe7 30. Bb6 Rd7 31. Be3 Rcd8 32. Rd5 Rb7 33. f4 exf4 34. Bxf4
Rbd7 35. g3 hxg3 36. Bxg3 Ne5 37. Qe2 Nc5 38. Qe3 Rc8 39. Qh6 Ng4 40. Qf4 Ne5
41. Bh4 Qe6 42. Bf6 Ng4 43. Bd4 Ne5 44. Bc2 f6 45. Qg3 Kg7 46. Rg1 Rh8 47. Qf4
Rc7 48. Be3 Kf7 49. Rg3 Rc6 50. Bd4 Ke7 51. Qf2 Rh6 52. Qg2 g5 53. Bd1 Rh8 54.
Bg4 Qf7 55. Bf5 Qh5 56. Bxe5 dxe5 57. Qd2 Qe8 58. Rg1 Rh4 59. Rxg5 Qh8 60. Rg2
Rf4 61. Rd7+ Nxd7 62. Qxd7+ Kf8 63. Qd8+ Kf7 64. Qxh8 1-0

[Event "FBL 1"]
[Site "?"]
[Date "2017.03.25"]
[Round "7.4"]
[White "Tammert, Iamze"]
[Black "Anisheva, Varvara"]
[Result "1-0"]
[WhiteElo "2290"]
[BlackElo "2132"]
[PlyCount "123"]
[EventDate "2016.10.22"]
[EventType "team-tourn"]
[EventCountry "GER"]
[WhiteTeam "Baden Baden OSG"]
[BlackTeam "Erfurt SV Medizin"]
[WhiteTeamCountry "GER"]
[BlackTeamCountry "GER"]

1. c4 Nf6 2. g3 g6 3. Bg2 Bg7 4. Nc3 O-O 5. d4 d6 6. Nf3 Nbd7 7. O-O c6 8. e4
Qc7 9. h3 e5 10. Be3 Re8 11. Qc2 Nf8 12. Rac1 exd4 13. Nxd4 Ne6 14. Rfd1 Nxd4
15. Bxd4 Be6 16. Ne2 Nh5 17. g4 Bxd4 18. Rxd4 Ng7 19. Rcd1 Rad8 20. b3 f5 21.
exf5 gxf5 22. Nf4 Bc8 23. g5 Ne6 24. Nxe6 Rxe6 25. Qd2 Qe7 26. Kf1 Qg7 27. Re1
Rxe1+ 28. Kxe1 Qe5+ 29. Kf1 c5 30. Rd3 Qa1+ 31. Qe1 Qxe1+ 32. Kxe1 Kg7 33. Re3
Kg6 34. f4 h6 35. gxh6 Kf6 36. Rg3 Rh8 37. Rg7 Rxh6 38. Rc7 Rh8 39. Kf2 a6 40.
a4 Ke6 41. a5 d5 42. cxd5+ Kd6 43. Rg7 Rh6 44. Kg3 Bd7 45. h4 Kc7 46. Bf3 b6
47. axb6+ Rxb6 48. Bd1 Kd8 49. h5 a5 50. Kh4 a4 51. bxa4 Rb1 52. Be2 Bxa4 53.
h6 Rh1+ 54. Kg5 Be8 55. h7 Rh2 56. Bc4 Rh5+ 57. Kf6 Rh6+ 58. Kxf5 Rh3 59. d6
Rh5+ 60. Kf6 Rh6+ 61. Ke5 Rh5+ 62. f5 1-0

[Event "FBL 1"]
[Site "?"]
[Date "2017.03.25"]
[Round "7.5"]
[White "Umpfenbach, Carolin"]
[Black "Sedina, Elena"]
[Result "0-1"]
[WhiteElo "2122"]
[BlackElo "2262"]
[PlyCount "62"]
[EventDate "2016.10.22"]
[EventType "team-tourn"]
[EventCountry "GER"]
[WhiteTeam "Erfurt SV Medizin"]
[BlackTeam "Baden Baden OSG"]
[WhiteTeamCountry "GER"]
[BlackTeamCountry "GER"]

1. d4 d5 2. c4 c6 3. Nc3 dxc4 4. e3 b5 5. Nxb5 cxb5 6. Qf3 Nc6 7. Qxc6+ Bd7 8.
Qa6 e5 9. Nf3 exd4 10. Nxd4 Bb4+ 11. Bd2 Bxd2+ 12. Kxd2 Nf6 13. Be2 Ne4+ 14.
Ke1 Qe7 15. Qa5 O-O 16. Bf3 Rfe8 17. Rd1 a6 18. Kf1 h5 19. a3 Bg4 20. Bxe4 Qxe4
21. f3 Qxe3 22. fxg4 Qf4+ 23. Kg1 Qe3+ 24. Kf1 Qf4+ 25. Kg1 Rad8 26. Qc3 Re3
27. Qd2 Rxd4 28. Qxd4 Re1+ 29. Rxe1 Qxd4+ 30. Kf1 Qxb2 31. gxh5 c3 0-1

[Event "FBL 1"]
[Site "?"]
[Date "2017.03.25"]
[Round "7.6"]
[White "Heinemann, Josefine"]
[Black "von der  Weth von Nordheim, Petra"]
[Result "1-0"]
[WhiteElo "2227"]
[BlackElo "1985"]
[PlyCount "71"]
[EventDate "2016.10.22"]
[EventType "team-tourn"]
[EventCountry "GER"]
[WhiteTeam "Baden Baden OSG"]
[BlackTeam "Erfurt SV Medizin"]
[WhiteTeamCountry "GER"]
[BlackTeamCountry "GER"]

1. e4 c5 2. Nf3 Nc6 3. d4 cxd4 4. Nxd4 g6 5. c4 Bg7 6. Be3 d6 7. Nc3 Nf6 8. Be2
Bd7 9. O-O O-O 10. Nc2 Rc8 11. Qd2 Ng4 12. Bxg4 Bxg4 13. Rac1 Re8 14. f4 Qa5
15. f5 gxf5 16. h3 f4 17. Bxf4 Be6 18. Ne3 Nd4 19. Qf2 Qh5 20. Kh1 Bxc4 21.
Nxc4 Rxc4 22. Nd5 Rxc1 23. Rxc1 Nc6 24. b4 a6 25. Qb6 e6 26. Qxb7 exd5 27. Qxc6
Rxe4 28. Qa8+ Bf8 29. Rc8 Rxf4 30. Rxf8+ Kg7 31. Rg8+ Kf6 32. Qd8+ Ke6 33. Re8+
Kf5 34. Qd7+ Kg5 35. Rg8+ Kh4 36. g3# 1-0

[Event "FBL 1"]
[Site "?"]
[Date "2017.03.25"]
[Round "7.1"]
[White "Gunina, Valentina"]
[Black "Naiditsch, Yuliya"]
[Result "1/2-1/2"]
[WhiteElo "2524"]
[BlackElo "2413"]
[PlyCount "91"]
[EventDate "2016.10.22"]
[EventType "team-tourn"]
[EventCountry "GER"]
[WhiteTeam "Koenigshofen Bad SC"]
[BlackTeam "Deizisau SF"]
[WhiteTeamCountry "GER"]
[BlackTeamCountry "GER"]

1. d4 Nf6 2. Nf3 d5 3. c4 e6 4. g3 dxc4 5. Bg2 a6 6. O-O Nc6 7. Bg5 Be7 8. e3
O-O 9. Nbd2 e5 10. Nxe5 Nxe5 11. dxe5 Ng4 12. Bxe7 Qxe7 13. Nxc4 Nxe5 14. Nxe5
Qxe5 15. Qb3 c6 16. f4 Qe7 17. e4 Be6 18. Qc3 f6 19. Rfe1 Bf7 20. e5 fxe5 21.
Rxe5 Qd6 22. Rg5 g6 23. f5 Rad8 24. Re1 Rfe8 25. fxg6 Rxe1+ 26. Qxe1 hxg6 27.
Qe4 Re8 28. Qf4 Re1+ 29. Kf2 Qe7 30. Bf3 Rb1 31. Re5 Rxb2+ 32. Be2 Qd7 33. h4
Qh3 34. Re7 Qh2+ 35. Kf3 Qh1+ 36. Kf2 Qd5 37. Re5 Qd2 38. Qe4 Qd8 39. h5 Qf6+
40. Kg1 gxh5 41. a4 Ra2 42. a5 Ra1+ 43. Kh2 Re1 44. Qe3 Kg7 45. Re7 Rb1 46.
Bxh5 1/2-1/2

[Event "FBL 1"]
[Site "?"]
[Date "2017.03.25"]
[Round "7.2"]
[White "Schleining, Zoya"]
[Black "Zhao, Xue"]
[Result "0-1"]
[WhiteElo "2349"]
[BlackElo "2505"]
[PlyCount "106"]
[EventDate "2016.10.22"]
[EventType "team-tourn"]
[EventCountry "GER"]
[WhiteTeam "Deizisau SF"]
[BlackTeam "Koenigshofen Bad SC"]
[WhiteTeamCountry "GER"]
[BlackTeamCountry "GER"]

1. Nf3 Nf6 2. g3 c5 3. Bg2 e6 4. O-O b5 5. Nd4 cxd4 6. Bxa8 d5 7. a4 b4 8. a5
a6 9. c3 Bd7 10. d3 Qc7 11. cxb4 Qa7 12. Bd2 Qxa8 13. Na3 Qb7 14. Qb3 Be7 15.
Rfc1 O-O 16. Nc2 Nc6 17. b5 axb5 18. Nb4 Ra8 19. a6 Qb6 20. Nxc6 Bxc6 21. Bb4
Bxb4 22. Qxb4 Bd7 23. Qa5 Qxa5 24. Rxa5 Ra7 25. Kf1 Kf8 26. Ke1 Ke7 27. Kd2 Kd6
28. Kc2 Ne8 29. Kb3 Nc7 30. Rca1 Kc5 31. R5a3 Kb6 32. h4 Nxa6 33. g4 e5 34. f3
Be6 35. Rc1 e4 36. Rca1 b4 37. R3a2 exd3 38. exd3 Bd7 39. Kc2 Bb5 40. Kd2 Re7
41. Re1 Rxe1 42. Kxe1 Nc5 43. Kd2 Nb3+ 44. Kd1 Bxd3 45. Ra8 Bb1 46. Rb8+ Kc5
47. Rc8+ Kd6 48. Rd8+ Ke5 49. Re8+ Kf4 50. Rb8 d3 51. Rxb4+ Ke3 52. Ke1 d2+ 53.
Kd1 Na1 0-1

[Event "FBL 1"]
[Site "?"]
[Date "2017.03.25"]
[Round "7.3"]
[White "Girya, Olga"]
[Black "Levushkina, Elena"]
[Result "1-0"]
[WhiteElo "2458"]
[BlackElo "2321"]
[PlyCount "123"]
[EventDate "2016.10.22"]
[EventType "team-tourn"]
[EventCountry "GER"]
[WhiteTeam "Koenigshofen Bad SC"]
[BlackTeam "Deizisau SF"]
[WhiteTeamCountry "GER"]
[BlackTeamCountry "GER"]

1. d4 d5 2. c4 dxc4 3. e4 Nc6 4. Nf3 Bg4 5. Bxc4 e6 6. d5 Bxf3 7. Qxf3 Ne5 8.
Qc3 Nxc4 9. Qxc4 exd5 10. Qb5+ c6 11. Qxb7 Qc8 12. Qxc8+ Rxc8 13. exd5 cxd5 14.
O-O Bc5 15. Nc3 Ne7 16. Rd1 O-O 17. Na4 Bd6 18. Be3 Rc7 19. Rac1 Rxc1 20. Rxc1
f6 21. b3 Ra8 22. Kf1 Kf7 23. Ke2 Rc8 24. Rxc8 Nxc8 25. h3 g6 26. Kd3 Bb8 27.
Nc5 Bc7 28. Na6 Bd8 29. a4 Ke6 30. b4 Kd6 31. Bc5+ Ke6 32. Be3 Kd6 33. Bf4+ Kc6
34. b5+ Kb6 35. Kd4 Ne7 36. Nb4 g5 37. Bd6 Nf5+ 38. Kxd5 Nxd6 39. Kxd6 Bc7+ 40.
Ke6 Ka5 41. Nc6+ Kxa4 42. Nxa7 Ka5 43. Kxf6 Bb6 44. Nc8 Bxf2 45. Kxg5 Be3+ 46.
Kf6 Bd4+ 47. Kf7 Kxb5 48. g4 Kc4 49. Ne7 Kd3 50. Kg8 Bf6 51. Nf5 h5 52. gxh5
Ke4 53. Ng7 Bg5 54. Kf7 Kf3 55. Kg6 Bd2 56. Ne6 Kg3 57. Ng5 Bc1 58. h6 Kh4 59.
h7 Bb2 60. Ne6 Bh8 61. Ng7 Kxh3 62. Kf7 1-0

[Event "FBL 1"]
[Site "?"]
[Date "2017.03.25"]
[Round "7.4"]
[White "Klek, Hanna Marie"]
[Black "Savina, Anastasia"]
[Result "1/2-1/2"]
[WhiteElo "2335"]
[BlackElo "2372"]
[PlyCount "85"]
[EventDate "2016.10.22"]
[EventType "team-tourn"]
[EventCountry "GER"]
[WhiteTeam "Deizisau SF"]
[BlackTeam "Koenigshofen Bad SC"]
[WhiteTeamCountry "GER"]
[BlackTeamCountry "GER"]

1. e4 d6 2. d4 Nf6 3. Nc3 e5 4. Nf3 Nbd7 5. Bc4 Be7 6. O-O O-O 7. Re1 c6 8. a4
a5 9. b3 exd4 10. Qxd4 Ne5 11. Be2 Nfg4 12. Bb2 Bf6 13. Qd2 Qb6 14. Rf1 Nxf3+
15. Bxf3 Be5 16. Bxg4 Bxg4 17. Kh1 Qd4 18. Qg5 Be2 19. Rfe1 Ba6 20. Nd1 Qb4 21.
Qe3 Bxb2 22. Nxb2 Rae8 23. c4 f5 24. f3 fxe4 25. fxe4 d5 26. cxd5 cxd5 27. e5
d4 28. Qg3 Qc3 29. Nc4 Bxc4 30. bxc4 Qxc4 31. h3 Re6 32. Rab1 b6 33. Qg4 Rfe8
34. Rec1 Qd5 35. Rb5 Qd8 36. Rc4 Qe7 37. Qxd4 Rxe5 38. Rxe5 Qxe5 39. Qxb6 Qa1+
40. Kh2 Qe5+ 41. Kh1 Qa1+ 42. Kh2 Qe5+ 43. Kh1 1/2-1/2

[Event "FBL 1"]
[Site "?"]
[Date "2017.03.25"]
[Round "7.5"]
[White "Schoene, Maria"]
[Black "Straub, Natalia"]
[Result "1-0"]
[WhiteElo "2280"]
[BlackElo "2188"]
[PlyCount "55"]
[EventDate "2016.10.22"]
[EventType "team-tourn"]
[EventCountry "GER"]
[WhiteTeam "Koenigshofen Bad SC"]
[BlackTeam "Deizisau SF"]
[WhiteTeamCountry "GER"]
[BlackTeamCountry "GER"]

1. e4 e6 2. d4 d5 3. Nc3 dxe4 4. Nxe4 Qd5 5. Bd3 Nf6 6. Qf3 Qxd4 7. Ne2 Qd8 8.
Bg5 Be7 9. O-O-O Nxe4 10. Bxe7 Qxe7 11. Bxe4 c6 12. Qg3 O-O 13. f4 Nd7 14. Nd4
Nc5 15. Rhe1 Nxe4 16. Rxe4 Qc7 17. Qg5 b6 18. Rd3 h6 19. Qh4 c5 20. Nb5 Qc6 21.
Nc3 Ba6 22. Rg3 Kh7 23. Ree3 Rg8 24. Ne4 Qc7 25. Rh3 Rgf8 26. Nf6+ Kg6 27. f5+
exf5 28. Rhg3+ 1-0

[Event "FBL 1"]
[Site "?"]
[Date "2017.03.25"]
[Round "7.6"]
[White "Jelica, Mara"]
[Black "Schneider, Jana"]
[Result "1-0"]
[WhiteElo "2099"]
[BlackElo "2274"]
[PlyCount "69"]
[EventDate "2016.10.22"]
[EventType "team-tourn"]
[EventCountry "GER"]
[WhiteTeam "Deizisau SF"]
[BlackTeam "Koenigshofen Bad SC"]
[WhiteTeamCountry "GER"]
[BlackTeamCountry "GER"]

1. e4 e6 2. d4 d5 3. Nd2 c5 4. Ngf3 cxd4 5. Nxd4 Nc6 6. Bb5 Bd7 7. N4b3 Qb6 8.
Qe2 a6 9. Bd3 Nge7 10. c3 Qc7 11. Nf3 dxe4 12. Qxe4 Nd5 13. O-O Bd6 14. Re1 Nf6
15. Qh4 h6 16. Bg5 Nh7 17. Bd2 Ne7 18. c4 Nc6 19. Bxh7 Rxh7 20. c5 Be7 21. Qe4
f5 22. Qc4 g5 23. Rxe6 Bxe6 24. Qxe6 Kf8 25. Qxf5+ Rf7 26. Qg6 Rf6 27. Qh7 Bd8
28. Qh8+ Ke7 29. Bc3 Re6 30. Rd1 Qf4 31. Qg7+ Qf7 32. Rd7+ Kxd7 33. Qxf7+ Be7
34. Qf5 Nd8 35. Nfd4 1-0

[Event "FBL 1"]
[Site "?"]
[Date "2017.03.25"]
[Round "7.1"]
[White "Fuchs, Judith"]
[Black "Giss, Helene"]
[Result "1-0"]
[WhiteElo "2276"]
[BlackElo "2044"]
[PlyCount "117"]
[EventDate "2016.10.22"]
[EventType "team-tourn"]
[EventCountry "GER"]
[WhiteTeam "Hamburger SK"]
[BlackTeam "Muenchen FC Bayern"]
[WhiteTeamCountry "GER"]
[BlackTeamCountry "GER"]

1. b3 e6 2. Bb2 Nf6 3. e3 d5 4. Nf3 c5 5. Bb5+ Bd7 6. a4 a6 7. Bxd7+ Nbxd7 8.
O-O Bd6 9. d3 O-O 10. Qe2 Qc7 11. Nbd2 b5 12. e4 d4 13. Rfe1 e5 14. Nh4 Rfc8
15. Nf5 Bf8 16. g3 Nb6 17. c3 g6 18. Nh4 bxa4 19. bxa4 Qd7 20. a5 Na4 21. Nc4
Re8 22. Qc2 Nxb2 23. Qxb2 Rab8 24. Qc2 Qc7 25. Nb6 Bd6 26. Nf3 Nd7 27. Nd5 Qd8
28. Nd2 Nf6 29. Nb6 Bc7 30. Nbc4 Rb5 31. Nb3 Qe7 32. Na3 Rbb8 33. Rec1 Bd6 34.
Nc4 Red8 35. Nb6 Nd7 36. Nd5 Qe6 37. Nd2 Nf6 38. Nb6 Nd7 39. Ndc4 Bc7 40. Nd5
Rdc8 41. Rab1 Bd8 42. Qa4 Kg7 43. Kg2 h5 44. h4 f5 45. Ncb6 Nxb6 46. axb6 fxe4
47. dxe4 Bxh4 48. Qxa6 Qg4 49. Re1 Bg5 50. f3 Qd7 51. b7 Rf8 52. Rb6 Qf7 53.
Rf1 Bd8 54. Rb5 Qd7 55. c4 Rf7 56. Rfb1 Rf8 57. Qa7 Qf7 58. R1b3 Bg5 59. Rxc5
1-0

[Event "FBL 1"]
[Site "?"]
[Date "2017.03.25"]
[Round "7.2"]
[White "Dirmeier, Carolin"]
[Black "Hoolt, Sarah"]
[Result "0-1"]
[WhiteElo "2029"]
[BlackElo "2371"]
[PlyCount "70"]
[EventDate "2016.10.22"]
[EventType "team-tourn"]
[EventCountry "GER"]
[WhiteTeam "Muenchen FC Bayern"]
[BlackTeam "Hamburger SK"]
[WhiteTeamCountry "GER"]
[BlackTeamCountry "GER"]

1. e4 c5 2. Nf3 d6 3. d4 cxd4 4. Nxd4 Nf6 5. Nc3 Nc6 6. Bg5 e6 7. Qd2 Be7 8.
O-O-O a6 9. f3 Nxd4 10. Qxd4 b5 11. e5 dxe5 12. Qxe5 Bd7 13. Bd3 Ng4 14. Qxg7
Bxg5+ 15. f4 Qf6 16. Qxg5 Qxg5 17. fxg5 Nf2 18. Ne4 Nxh1 19. Nf6+ Ke7 20. Bxh7
Bc6 21. Rxh1 Bxg2 22. Rg1 Bh3 23. Re1 Rac8 24. Re3 Rxh7 25. Nxh7 Bf5 26. Nf6
Rxc2+ 27. Kd1 Rxh2 28. Re2 Rh1+ 29. Kd2 Rg1 30. Nd5+ Kd6 31. Nb4 a5 32. Na6
Rxg5 33. b4 a4 34. Nc5 Rg3 35. Rf2 Kd5 0-1

[Event "FBL 1"]
[Site "?"]
[Date "2017.03.25"]
[Round "7.3"]
[White "Baciu, Diana"]
[Black "Ankerst, Milka"]
[Result "1-0"]
[WhiteElo "2289"]
[BlackElo "2074"]
[PlyCount "165"]
[EventDate "2016.10.22"]
[EventType "team-tourn"]
[EventCountry "GER"]
[WhiteTeam "Hamburger SK"]
[BlackTeam "Muenchen FC Bayern"]
[WhiteTeamCountry "GER"]
[BlackTeamCountry "GER"]

1. e4 c5 2. Nf3 Nc6 3. Bb5 g6 4. Bxc6 dxc6 5. d3 Bg7 6. h3 Nf6 7. Nc3 O-O 8.
Be3 Nd7 9. Qd2 e5 10. Nh2 Qc7 11. Bh6 Rd8 12. Bxg7 Kxg7 13. O-O-O a5 14. Ng4 f6
15. Rdf1 Nf8 16. Qh6+ Kg8 17. f4 Bxg4 18. hxg4 exf4 19. Qxf4 c4 20. e5 Qxe5 21.
Qxc4+ Kg7 22. Ne4 Rd4 23. Qc3 Rxe4 24. dxe4 Qxc3 25. bxc3 Re8 26. Re1 Re5 27.
Kd2 Ne6 28. Ke3 Nc5 29. Kf3 Ne6 30. Re3 Ng5+ 31. Kf4 Ne6+ 32. Kf3 Ng5+ 33. Kf4
Ne6+ 34. Kg3 Ng5 35. Rd1 Rxe4 36. Rd7+ Kh6 37. Rxe4 Nxe4+ 38. Kf3 Nxc3 39. Rxb7
Nxa2 40. Rc7 Nb4 41. c3 Nd3 42. Ra7 Kg5 43. Rxa5+ Ne5+ 44. Kg3 h5 45. gxh5 gxh5
46. Ra8 Ng6 47. Rc8 Ne5 48. Rg8+ Ng6 49. Rg7 Kf5 50. Rc7 Ne5 51. Kh4 Ng6+ 52.
Kxh5 Nf4+ 53. Kh4 Nxg2+ 54. Kg3 Ne3 55. Rxc6 Ke5 56. Kf3 Nd5 57. Rc4 f5 58. Rc6
Ne7 59. Rc5+ Kd6 60. Ra5 Ke6 61. Ke3 Kf6 62. Kd3 Ke6 63. Rb5 Nc6 64. Rb6 Kd5
65. Rb5+ Ke6 66. Rc5 Ne5+ 67. Kd4 Nf3+ 68. Ke3 Ne5 69. Rb5 Nc4+ 70. Kd4 Nd6 71.
Rb6 Kd7 72. Kd5 Ne4 73. c4 Kc7 74. Rc6+ Kd7 75. Rh6 Nd2 76. Rh7+ Kd8 77. Rf7
Nf1 78. Kd6 Kc8 79. c5 Ne3 80. Rf8+ Kb7 81. c6+ Ka7 82. c7 Nc4+ 83. Kd5 1-0

[Event "FBL 1"]
[Site "?"]
[Date "2017.03.25"]
[Round "7.4"]
[White "Spiel, Marianne"]
[Black "Zahn, Alina"]
[Result "1/2-1/2"]
[WhiteElo "1931"]
[BlackElo "2082"]
[PlyCount "120"]
[EventDate "2016.10.22"]
[EventType "team-tourn"]
[EventCountry "GER"]
[WhiteTeam "Muenchen FC Bayern"]
[BlackTeam "Hamburger SK"]
[WhiteTeamCountry "GER"]
[BlackTeamCountry "GER"]

1. e4 e5 2. Nf3 Nc6 3. Bb5 a6 4. Ba4 Nf6 5. O-O b5 6. Bb3 Be7 7. Re1 O-O 8. a4
b4 9. c3 Rb8 10. d4 bxc3 11. bxc3 d6 12. h3 exd4 13. cxd4 d5 14. Nc3 Bb4 15.
Bd2 Bxc3 16. Bxc3 Nxe4 17. Rc1 Bf5 18. Ba1 Qd6 19. Re3 Rb6 20. Qe1 Rfb8 21. Bc2
Nb4 22. Bxe4 Bxe4 23. Qe2 Qg6 24. Ne1 Nd3 25. Rxd3 Bxd3 26. Qxd3 Qxd3 27. Nxd3
Rb1 28. Bc3 Rxc1+ 29. Nxc1 Rb1 30. Bd2 Rb2 31. Be3 Rb4 32. a5 Ra4 33. Kf1 Rxa5
34. Ke2 Rb5 35. Kd3 Kf8 36. Kc3 a5 37. Nd3 Ke7 38. Bc1 Kd6 39. Ba3+ Ke6 40. Bc5
Kf5 41. g3 g5 42. Be7 a4 43. f3 f6 44. Bb4 Rb6 45. Nc5 h5 46. Nxa4 Ra6 47. Nc5
Ra1 48. Kd3 Rg1 49. g4+ hxg4 50. hxg4+ Kf4 51. Ne6+ Kxf3 52. Nxc7 Kxg4 53. Nxd5
Kf5 54. Ne3+ Ke6 55. Ke4 f5+ 56. Kf3 f4 57. d5+ Ke5 58. Bc3+ Kd6 59. Bb4+ Ke5
60. Bc3+ Kd6 1/2-1/2

[Event "FBL 1"]
[Site "?"]
[Date "2017.03.25"]
[Round "7.5"]
[White "Schmidt, Jade"]
[Black "Schenk, Stefanie"]
[Result "1/2-1/2"]
[WhiteElo "2131"]
[BlackElo "2080"]
[PlyCount "52"]
[EventDate "2016.10.22"]
[EventType "team-tourn"]
[EventCountry "GER"]
[WhiteTeam "Hamburger SK"]
[BlackTeam "Muenchen FC Bayern"]
[WhiteTeamCountry "GER"]
[BlackTeamCountry "GER"]

1. d4 Nf6 2. c4 e6 3. Nc3 Bb4 4. Qc2 O-O 5. a3 Bxc3+ 6. Qxc3 d5 7. Bg5 h6 8.
Bh4 dxc4 9. Qxc4 c6 10. e3 Nbd7 11. Nf3 Qa5+ 12. b4 Qh5 13. h3 Re8 14. Qc2 Qd5
15. Bc4 Qd6 16. Bg3 Qe7 17. O-O a5 18. b5 c5 19. Rfd1 cxd4 20. Nxd4 Nb6 21. Be2
e5 22. Nf5 Bxf5 23. Qxf5 g6 24. Qb1 Rac8 25. Qa2 Ne4 26. Bg4 Rc7 1/2-1/2

[Event "FBL 1"]
[Site "?"]
[Date "2017.03.25"]
[Round "7.6"]
[White "Klenk, Sofie"]
[Black "Scognamiglio, Stefanie"]
[Result "0-1"]
[WhiteElo "1872"]
[BlackElo "2086"]
[PlyCount "118"]
[EventDate "2016.10.22"]
[EventType "team-tourn"]
[EventCountry "GER"]
[WhiteTeam "Muenchen FC Bayern"]
[BlackTeam "Hamburger SK"]
[WhiteTeamCountry "GER"]
[BlackTeamCountry "GER"]

1. e4 c5 2. Nf3 Nc6 3. d4 cxd4 4. Nxd4 g6 5. c4 Bg7 6. Be3 d6 7. Nc3 Nf6 8. f3
O-O 9. Be2 Nd7 10. O-O Nxd4 11. Bxd4 Bxd4+ 12. Qxd4 Qb6 13. Qxb6 Nxb6 14. Nd5
Nxd5 15. exd5 f6 16. Bd3 Kf7 17. Rfe1 Bd7 18. Re3 Rac8 19. Rae1 Rfe8 20. Kf2
Rc7 21. h4 Bc8 22. h5 Kg7 23. Rh1 f5 24. f4 e5 25. dxe6 Rxe6 26. Reh3 Kf6 27.
Rg3 Re8 28. hxg6 hxg6 29. Rh6 Rg8 30. Be2 Be6 31. b3 d5 32. cxd5 Bxd5 33. Rd3
Bf7 34. Rh7 Re8 35. Rd2 Re4 36. g3 Ree7 37. Rd6+ Be6 38. Rxe7 Kxe7 39. Rd4 Rc2
40. Ra4 a6 41. Rb4 Bd5 42. a4 Kd6 43. Rb6+ Bc6 44. Rb4 b5 45. Rd4+ Kc5 46. Rd3
bxa4 47. bxa4 Bxa4 48. Rd8 Kb4 49. Ke1 Bb5 50. Bd1 Rg2 51. Rd6 Rxg3 52. Kf2 Rd3
53. Rxd3 Bxd3 54. Ke3 Kc3 55. Ba4 Bb5 56. Bd1 a5 57. Bf3 a4 58. Bd5 Bc4 59. Bc6
a3 0-1

[Event "FBL 1"]
[Site "?"]
[Date "2017.03.25"]
[Round "7.1"]
[White "Sieber, Fiona"]
[Black "Schmidt, Jessica"]
[Result "0-1"]
[WhiteElo "2203"]
[BlackElo "2262"]
[PlyCount "82"]
[EventDate "2016.10.22"]
[EventType "team-tourn"]
[EventCountry "GER"]
[WhiteTeam "Lehrte SK"]
[BlackTeam "Karlsruher SF"]
[WhiteTeamCountry "GER"]
[BlackTeamCountry "GER"]

1. e4 d5 2. exd5 Nf6 3. Nf3 Nxd5 4. d4 Bg4 5. c4 Nb6 6. c5 N6d7 7. Bc4 e6 8.
O-O Be7 9. Be3 O-O 10. h3 Bh5 11. Nbd2 Nc6 12. Qa4 e5 13. d5 Nd4 14. Nxd4 exd4
15. Bxd4 Nxc5 16. Qc2 Bg6 17. Qc3 Na4 18. Qf3 Nb6 19. Bb3 Re8 20. Rfd1 Bd6 21.
Rac1 Qg5 22. Qc3 Bh5 23. Re1 Bf4 24. Be3 Bxe3 25. Rxe3 Nxd5 26. Bxd5 Qxd5 27.
Rd3 Qxa2 28. Nb3 Qa6 29. Rd7 Rac8 30. Rxc7 Rxc7 31. Qxc7 b6 32. Qd7 Rf8 33. Nd4
h6 34. Nf5 Qe2 35. Qd4 f6 36. Qd7 Rf7 37. Qd8+ Kh7 38. Rc8 Qe1+ 39. Kh2 Qxf2
40. Qh8+ Kg6 41. Ng3 Bf3 0-1

[Event "FBL 1"]
[Site "?"]
[Date "2017.03.25"]
[Round "7.2"]
[White "Mader, Manuela"]
[Black "Duessler, Stefanie"]
[Result "1-0"]
[WhiteElo "2172"]
[BlackElo "2081"]
[PlyCount "43"]
[EventDate "2016.10.22"]
[EventType "team-tourn"]
[EventCountry "GER"]
[WhiteTeam "Karlsruher SF"]
[BlackTeam "Lehrte SK"]
[WhiteTeamCountry "GER"]
[BlackTeamCountry "GER"]

1. e4 c5 2. c3 Nf6 3. e5 Nd5 4. Nf3 Nc6 5. Bc4 e6 6. O-O Nb6 7. Bb3 d5 8. exd6
Bxd6 9. d4 cxd4 10. Nxd4 Nxd4 11. Qxd4 O-O 12. Nd2 Qc7 13. Nf3 Rd8 14. Qe4 Nd5
15. Bc2 Nf6 16. Qh4 Be7 17. Bg5 h6 18. Bxh6 gxh6 19. Qxh6 Rd5 20. Ng5 Bf8 21.
Bh7+ Kh8 22. Qxf8+ 1-0

[Event "FBL 1"]
[Site "?"]
[Date "2017.03.25"]
[Round "7.3"]
[White "Zschischang, Marine"]
[Black "Kiefhaber, Veronika"]
[Result "1-0"]
[WhiteElo "2045"]
[BlackElo "2172"]
[PlyCount "87"]
[EventDate "2016.10.22"]
[EventType "team-tourn"]
[EventCountry "GER"]
[WhiteTeam "Lehrte SK"]
[BlackTeam "Karlsruher SF"]
[WhiteTeamCountry "GER"]
[BlackTeamCountry "GER"]

1. d4 g6 2. e4 Bg7 3. Be3 Nf6 4. Nc3 d5 5. e5 Ne4 6. Nxe4 dxe4 7. Bc4 c5 8.
dxc5 Qc7 9. f4 exf3 10. Nxf3 O-O 11. O-O Nc6 12. c3 Bg4 13. e6 fxe6 14. Qb3
Bxf3 15. Bxe6+ Kh8 16. Rxf3 Rxf3 17. gxf3 Rf8 18. Qd5 Be5 19. h3 Bg7 20. Kg2
Rd8 21. Qe4 Qa5 22. Bd5 Qb5 23. Rb1 Qe2+ 24. Bf2 Qd2 25. Bxc6 bxc6 26. Qxe7 Rf8
27. a4 Qf4 28. Qe4 Qg5+ 29. Qg4 Qd2 30. Qe4 Qg5+ 31. Kf1 Qh5 32. Qg4 Qd5 33.
Re1 h5 34. Qe4 Qd7 35. Kg2 Kh7 36. Bd4 Rf7 37. Bf2 Qd2 38. Re2 Qg5+ 39. Kf1 Rd7
40. Bd4 Qg3 41. Rg2 Qxh3 42. Qxg6+ Kg8 43. Qe8+ Kh7 44. Qxd7 1-0